Derecho de retención (Registro nro. 3525)

Detalles MARC
000 -LEADER
fixed length control field 01110 a2200217 4500
001 - CONTROL NUMBER
control field 41690
005 - DATE AND TIME OF LATEST TRANSACTION
control field 20260407155709.0
008 - FIXED-LENGTH DATA ELEMENTS--GENERAL INFORMATION
fixed length control field 260407a1962 arg spa d
003 - CONTROL NUMBER IDENTIFIER
control field AR-UNSa-BCEJYS
040 ## - CATALOGING SOURCE
Original cataloging agency AR-UNSa-BCEJYS
Language of cataloging spa
Transcribing agency AR-UNSa-BCEJYS
080 ## - UNIVERSAL DECIMAL CLASSIFICATION NUMBER
Universal Decimal Classification number 347.285
Common auxiliary subdivision Reserva. Garantía. Señal (Derecho de retención)
041 ## - LANGUAGE CODE
Language code of text/sound track or separate title spa
100 1# - MAIN ENTRY--PERSONAL NAME
Personal name Vásquez, Alejandro A.
245 10 - TITLE STATEMENT
Title Derecho de retención
250 ## - EDITION STATEMENT
Edition statement 2a. ed.
264 #1 - PRODUCTION, PUBLICATION, DISTRIBUTION, MANUFACTURE, AND COPYRIGHT NOTICE
Place of production, publication, distribution, manufacture Buenos Aires :
Name of producer, publisher, distributor, manufacturer Ediciones Depalma
Date of production, publication, distribution, manufacture, or copyright notice 1962
300 ## - PHYSICAL DESCRIPTION
Extent 219 p.
Dimensions 24 cm.
505 ## - FORMATTED CONTENTS NOTE
Formatted contents note 1. Sintesís histórica - 2. Definición: su análisis. Elementos del derecho de retención - 3. Campo de aplicación - 4. Casos de aplicación - 5. Caracteres del derecho de retención - 6. Efectos del derecho de retención - 7. Alcance del derecho de retención - 8. Cómo se extingue el derecho de retención - 9. Fundamento del derecho de retención - 10. Naturaleza jurídica del derecho de retención - 11. Ubicación del derecho de retención en el sistema legal - 12. Críticas al derecho de retención
590 ## - LOCAL NOTE (RLIN)
Local note niveau_biblio:m niveau_hierar:0
942 ## - ADDED ENTRY ELEMENTS (KOHA)
Koha item type
Existencias
Withdrawn status Lost status Damaged status Not for loan Home library Current library Shelving location Date acquired Total checkouts Full call number Barcode Date last seen Price effective from Koha item type
        Biblioteca Prof. Eusebio Cleto del Rey Biblioteca Prof. Eusebio Cleto del Rey   07/04/2026   347.285 V335 2ed. L87207 07/04/2026 07/04/2026 Libro